The superbook of ships / (Record no. 9128)

MARC details
000 -LEADER
fixed length control field 00790nam a22002777a 4500
001 - CONTROL NUMBER
control field 9128
003 - CONTROL NUMBER IDENTIFIER
control field FISKH
005 - DATE AND TIME OF LATEST TRANSACTION
control field 20251124132953.0
008 - FIXED-LENGTH DATA ELEMENTS--GENERAL INFORMATION
fixed length control field 251124b cb ||||| |||| 00| 0 eng d
020 ## - INTERNATIONAL STANDARD BOOK NUMBER
International Standard Book Number 9780862721756
040 ## - CATALOGING SOURCE
Original cataloging agency FISKH
Language of cataloging eng
Transcribing agency FISKH
Modifying agency FISKH
050 ## - LIBRARY OF CONGRESS CALL NUMBER
Classification number VM15
082 ## - DEWEY DECIMAL CLASSIFICATION NUMBER
Classification number 623.8
100 ## - MAIN ENTRY--PERSONAL NAME
Personal name Roberts, David
Relator term Author
245 ## - TITLE STATEMENT
Title The superbook of ships /
Statement of responsibility, etc. David Roberts
250 ## - EDITION STATEMENT
Edition statement This edition published in 1985.
260 ## - PUBLICATION, DISTRIBUTION, ETC.
Place of publication, distribution, etc. London :
Name of publisher, distributor, etc. Ward Lock Limited ,
Date of publication, distribution, etc. 1980
300 ## - PHYSICAL DESCRIPTION
Extent 40 pages :
Other physical details color illustrations ;
Dimensions 26 cm
505 ## - FORMATTED CONTENTS NOTE
Formatted contents note R<br/>
520 ## - SUMMARY, ETC.
Summary, etc. Introduces ships over the centuries from reed boats to hovercraft.
521 ## - TARGET AUDIENCE NOTE
Target audience note 750<br/>
Source Lexile estimate<br/>
521 ## - TARGET AUDIENCE NOTE
Target audience note R<br/>
Source Raz-Plus<br/>
650 ## - SUBJECT ADDED ENTRY--TOPICAL TERM
Topical term or geographic name entry element Ships
Form subdivision Boats
942 ## - ADDED ENTRY ELEMENTS (KOHA)
Source of classification or shelving scheme Dewey Decimal Classification
Koha item type Books
Suppress in OPAC No
Holdings
Withdrawn status Lost status Source of classification or shelving scheme Damaged status Not for loan Collection Home library Current library Shelving location Date acquired Total Checkouts Full call number Barcode Date last seen Copy number Price effective from Koha item type
    Dewey Decimal Classification     Non-Fiction Footprints International School Library Network Toul Tom Poung Campus Footprints International School Library Network Toul Tom Poung Campus TTP Primary Orange Bookshelves 11/24/2025   ROB 623.8 VM15 FIS01196 11/24/2025 1 11/24/2025 Books